000 00526nmm a2200169Ia 4500
008 251105s9999||||xx |||||||||||||||||und||
020 _a8497424808
041 _aspa
100 _aMorodo Leoncio, Raúl
245 0 _aFernando Pessoa y otros precursores de las revoluciones nacionales europeas
264 _a[Madrid, España] :
_bBiblioteca Nueva,
_c2005
300 _a125 páginas
490 _aEnsayo Pensamiento
650 _aHistory of Europe
856 _uhttps://public.digitaliapublishing.com/a/5265
942 _cCF
999 _c74203
_d74203